| Tag |
First Indicator |
Second Indicator |
Subfields |
| LEADER |
00000cam a2200000 a 4500 |
| 001 |
in00000028145 |
| 005 |
20151007060008.0 |
| 008 |
860501s1986 nyu d 00010 eng |
| 010 |
|
|
|a 86045086
|
| 020 |
|
|
|a 0061811572 :
|c $21.95
|
| 035 |
|
|
|a (OCoLC)13582480
|
| 035 |
|
|
|9 AAB9836AM
|
| 040 |
|
|
|a DLC
|c DLC
|d m/c
|d TXA
|d UtOrBLW
|
| 043 |
|
|
|a n-us---
|
| 049 |
|
|
|a TXAF
|c [A11687391]
|
| 050 |
0 |
0 |
|a PE2846
|b .C46 1986
|
| 082 |
0 |
|
|a 427/.973
|2 19
|
| 100 |
1 |
|
|a Chapman, Robert L.
|
| 245 |
1 |
0 |
|a New dictionary of American slang /
|c edited by Robert L. Chapman.
|
| 264 |
|
1 |
|a New York :
|b Harper & Row,
|c [1986]
|
| 264 |
|
4 |
|c ©1986
|
| 300 |
|
|
|a xxxvi, 485 pages ;
|c 25 cm.
|
| 336 |
|
|
|a text
|b txt
|2 rdacontent
|
| 337 |
|
|
|a unmediated
|b n
|2 rdamedia
|
| 338 |
|
|
|a volume
|b nc
|2 rdacarrier
|
| 500 |
|
|
|a Revised edition of: Dictionary of American slang / compiled and edited by Harold Wentworth and Stuart Berg Flexner. 2nd supplemented edition 1975.
|
| 650 |
|
0 |
|a English language
|z United States
|x Slang
|v Dictionaries.
|
| 650 |
|
0 |
|a English language
|x Slang
|v Dictionaries.
|
| 650 |
|
0 |
|a Americanisms
|v Dictionaries.
|
| 700 |
1 |
|
|a Wentworth, Harold,
|d 1904-1965.
|t Dictionary of American slang.
|
| 999 |
|
|
|a MARS
|
| 999 |
f |
f |
|s 650342f3-ec34-395e-8a97-372e12c26ccf
|i c8147bf5-e319-34d3-8090-8d69cddbdd76
|t 0
|
| 952 |
f |
f |
|p noncirc
|a Texas A&M University
|b J.J. Pickle Campus
|c High Density Repository
|d Remote Storage
|t 0
|e PE2846 .C46 1986
|h Library of Congress classification
|i unmediated -- volume
|m A14853266507
|
| 952 |
f |
f |
|p ric
|a Texas A&M University
|b Rellis Campus
|c Joint Library Facility
|d Remote Storage
|t 0
|e PE2846 .C46 1986
|h Library of Congress classification
|i unmediated -- volume
|m A14811687391
|
| 998 |
f |
f |
|a PE2846 .C46 1986
|t 0
|l Remote Storage
|
| 998 |
f |
f |
|a PE2846 .C46 1986
|t 0
|l Remote Storage
|